La prueba en el proceso penal

Salvato in:
Dettagli Bibliografici
Autore principale: Paillas Peña, Enrique (autor)
Natura: Libro
Lingua:spagnolo
Pubblicazione: Santiago Jurídica de Chile 1982
Soggetti:
Tags: Aggiungi Tag
Nessun Tag, puoi essere il primo ad aggiungerne!!

MARC

LEADER 00000nam a2200000 a 4500
001 UCS0972
003 CL-VaPUC
008 970506e19820700CL |||||||||||||||||spa|d
082 0 4 |a 345.8306  |b PAI  |2 21 
100 |a Paillas Peña, Enrique  |e autor  |9 768803 
245 1 3 |a La prueba en el proceso penal 
300 |a 163 p 
942 |c BK 
945 |d 19970506 00:00:00  |a cmena 
260 |a Santiago  |b Jurídica de Chile  |c 1982 
650 0 |a Derecho procesal penal   |9 256392 
650 7 |a DERECHO PENAL  |2 CL-VaPUC  |9 11 
650 0 |a Prueba  |9 256247 
650 7 |a CONFESION  |2 CL-VaPUC  |9 314483 
650 7 |a TESTIGOS  |2 CL-VaPUC  |9 384929 
650 7 |a PRESUNCIONES PENALES  |2 CL-VaPUC  |9 383133 
651 7 |a CHILE  |2 CL-VaPUC  |9 384930 
583 |a last modification  |c 19970506 00:00:00  |k Rodrigo Vera 
999 |c 259087  |d 259085 
952 |0 0  |1 0  |4 0  |6 345_830600000000000_PAI_1982  |7 0  |8 A  |9 283637  |a BIBDER  |b BIBDER  |d 2019-11-19  |i 1842196  |o 345.8306 PAI 1982  |p 1842196  |r 2023-01-25  |w 2019-11-19  |y BK  |k DER